| 000 | 00709nam a22002297a 4500 | ||
|---|---|---|---|
| 005 | 20130422163121.0 | ||
| 008 | 130422b xxu||||| |||| 00| 0 eng d | ||
| 010 | _aENG-106901 | ||
| 020 |
_a0230322735 _c425.00 |
||
| 020 |
_a9780230322738 _c425.00 |
||
| 035 | _aEN-90434 | ||
| 037 | _bDBAD/PUB | ||
| 040 |
_aDPL _bEng |
||
| 082 | _a547.1223 | ||
| 100 | _aDatta, S.C. | ||
| 245 |
_aA new look at stereochemistry : _cby S.C. Datta _bconcepts and mechanism / |
||
| 260 |
_aGurgaon _bMacmillan Publishers _c2011 |
||
| 270 |
_a3A, 5th Floor, DLF Corporate Park _bGurgaon _e122002 |
||
| 300 |
_axxx,594p. : _c24cm(pbk) _bill. |
||
| 500 | _aIncludes index | ||
| 942 |
_2ddc _cEN _h547.1223 _mDAT |
||
| 999 |
_c74783 _d74783 |
||